[Event "Tourn. n7932"]
[Site "www.chess-mail.com"]
[Date "2015.01.12"]
[Round "1"]
[White "Bigoak"]
[Black "Maredocla"]
[WhiteElo "1990"]
[BlackElo "1910"]
[Result "0-1"]
[Round "1"]
1.e4 c5
2.Nb1c3 Nb8c6
3.f4 g6
4.Ng1f3 Bf8g7
5.Bf1c4 a6
6.a3 b5
7.Bc4a2 e6
8.d3 Qd8b6
9.Bc1d2 Ng8e7
10.Ra1b1 a5
11.O-O Bc8a6
12.Nc3e2 b4
13.Ba2c4 Ba6xc4
14.dxc4 bxa3
15.bxa3 Qb6c7
16.Ne2c3 Bg7xc3
17.Bd2xc3 O-O
18.Qd1d2 f5
19.exf5 Ne7xf5
20.Rb1b5 Nc6e7
21.Nf3e5 d6
22.Ne5f3 h6
23.Rf1b1 Ra8b8
24.a4 Ne7c6
25.g4 Nf5g7
26.Rb5xb8 Rf8xb8
27.Rb1xb8 Qc7xb8
28.Bc3xa5 Qb8b1
29.Kg2 Nc6d4
30.Nf3xd4 cxd4
31.Ba5b6 Qb1xb6
32.Qd2d3 e5
33.Qd3xg6 Qb6c6
34.Kg3 exf4
35.Kxf4 Qc6xa4
36.Qg6xd6 Qa4xc4
37.Qd6xh6 d3
38.Kf3 dxc2
39.Qh6c1 Qc4d3
{ resign }
0-1

[Event "Tourn. n7968"]
[Site "www.chess-mail.com"]
[Date "2015.01.12"]
[Round "1"]
[White "Amaya"]
[Black "Louis"]
[WhiteElo "1890"]
[BlackElo "1900"]
[Result "1-0"]
[Round "1"]
1.d4 d5
2.e3 e6
3.Bf1d3 Ng8f6
4.Nb1d2 c5
5.c3 Nb8c6
6.f4 Bf8d6
7.Ng1f3 O-O
8.O-O cxd4
9.cxd4 Nc6b4
10.Bd3b1 b6
11.Nf3e5 Bc8b7
12.a3 Nb4c6
13.g4 Nc6e7
14.g5 { resign }
1-0

[Event "Tourn. n7676"]
[Site "www.chess-mail.com"]
[Date "2015.01.12"]
[Round "1"]
[White "Tartan"]
[Black "Numanoid"]
[WhiteElo "2350"]
[BlackElo "2440"]
[Result "0-1"]
[Round "1"]
1.d4 g6
2.c4 Bf8g7
3.Nb1c3 c5
4.d5 Bg7xc3
5.bxc3 f5
6.Ng1f3 Qd8a5
7.Qd1b3 Ng8f6
8.g3 d6
9.Bf1g2 Nb8d7
10.O-O Nd7b6
11.Bc1h6 Bc8d7
12.Nf3d2 Nf6g4
13.Bh6f4 h6
14.h3 Ng4f6
15.e4 g5
16.Bf4e3 fxe4
17.Nd2xe4 Nf6xe4
18.Bg2xe4 Bd7xh3
19.Rf1e1 O-O-O
20.f3 Bh3d7
21.Be4d3 Rd8f8
22.f4 Bd7f5
23.Bd3xf5 Rf8xf5
24.Be3c1 Rh8g8
25.fxg5 hxg5
26.Re1xe7 Rf5f3
27.Bc1d2 Rf3xg3
28.Kf2 Rg3h3
29.Ra1g1 Qa5a6
30.Rg1xg5 Rg8f8
31.Kg1 Rh3f3
32.Qb3d1 Nb6d7
33.Qd1e2 Qa6xa2
34.Rg5g7 Qa2b1
35.Bd2e1 Nd7e5
36.Kg2 Rf3f6
{ resign }
0-1

[Event "Tourn. n7917"]
[Site "www.chess-mail.com"]
[Date "2015.01.12"]
[Round "1"]
[White "Jose"]
[Black "Nimzo"]
[WhiteElo "2730"]
[BlackElo "2640"]
[Result "1/2-1/2"]
[Round "1"]
1.e4 e6
2.d4 d5
3.Nb1c3 Ng8f6
4.e5 Nf6d7
5.f4 c5
6.Ng1f3 Nb8c6
7.Bc1e3 a6
8.Qd1d2 Bf8e7
9.Bf1e2 O-O
10.O-O b5
11.a3 Bc8b7
12.Nc3d1 cxd4
13.Nf3xd4 Qd8c7
14.Nd1f2 Nd7c5
15.b4 Nc6xd4
16.Be3xd4 Nc5e4
17.Nf2xe4 dxe4
18.c3 Qc7d7
19.Qd2e3 Bb7d5
20.Rf1c1 Rf8c8
21.g3 { draw }
1/2-1/2

[Event "Tourn. n7960"]
[Site "www.chess-mail.com"]
[Date "2015.01.12"]
[Round "1"]
[White "Averoes"]
[Black "Cardiff"]
[WhiteElo "2220"]
[BlackElo "2070"]
[Result "1/2-1/2"]
[Round "1"]
1.d4 Ng8f6
2.c4 e6
3.Ng1f3 d5
4.g3 Bf8b4
5.Bc1d2 Bb4xd2
6.Qd1xd2 O-O
7.Bf1g2 c6
8.b3 Nb8d7
9.O-O Qd8e7
10.Nb1c3 b6
11.Qd2c2 Bc8b7
12.e4 dxe4
13.Nc3xe4 Nf6xe4
14.Qc2xe4 Nd7f6
15.Qe4e2 Rf8d8
16.Rf1d1 c5
17.d5 Rd8e8
18.Rd1e1 Qe7c7
19.dxe6 Re8xe6
20.Nf3e5 Bb7xg2
21.Kxg2 Ra8e8
22.f4 Nf6d7
23.Qe2f2 Nd7xe5
24.fxe5 Re6xe5
25.Re1xe5 Re8xe5
26.Ra1e1 Re5xe1
27.Qf2xe1 g6
28.Qe1e8 Kg7
29.Qe8a8 h5
30.h4 Qc7d7
{ draw }
1/2-1/2

[Event "Match"]
[Site "www.echecsemail.com"]
[Date "2015.01.12"]
[Round "1"]
[White "Nozal"]
[Black "Hundegana"]
[WhiteElo "1800"]
[BlackElo "1910"]
[Result "1/2-1/2"]
[Round "1"]
1.e4 e5
2.Ng1f3 Nb8c6
3.c3 a6
4.Bf1c4 b5
5.Bc4d5 Qd8f6
6.d4 Ra8b8
7.Nf3g5 Ng8h6
8.b4 Nc6e7
9.Bd5b3 d6
10.a4 Bc8d7
11.O-O Ne7c8
12.f4 exd4
13.cxd4 Nc8b6
14.e5 dxe5
15.fxe5 Qf6e7
16.Qd1f3 Nb6c4
17.Nb1d2 Nh6f5
18.Qf3f4 h6
19.Ng5f3 Bd7e6
20.d5 Nc4xd2
21.Bc1xd2 Be6c8
22.Rf1e1 g5
23.Qf4e4 Bf8g7
24.Bd2c3 Nf5h4
25.d6 cxd6
26.exd6 Qe7xe4
27.Re1xe4 Kf8
28.Bc3xg7 Kxg7
29.Nf3xh4 gxh4
30.Re4xh4 Bc8d7
31.a5 Rb8c8
32.Bb3d5 Rc8b8
33.Rh4e4 Rh8f8
34.Re4e7 Rb8d8
35.Ra1d1 Bd7g4
36.Bd5f3 Bg4xf3
37.gxf3 Kf6
38.Re7a7 Rd8a8
39.Ra7c7 Rf8d8
40.Rc7e7 Rd8xd6
41.Rd1xd6 Kxe7
42.Rd6xh6 Ra8a7
43.h4 Kf8
44.Kg2 Kg7
45.Rh6d6 f6
46.Kg3 Kg6
47.Kg4 Ra7c7
48.Rd6xa6 Rc7c4
49.f4 Rc4xb4
50.h5 Kg7
51.Ra6b6 Rb4b1
52.a6 Rb1a1
53.Rb6b7 Kh6
54.a7 b4
55.Kf5 b3
56.Kxf6 Kxh5
57.f5 b2
58.Rb7xb2 Ra1xa7
59.Rb2g2 Ra7a6
60.Kg7 Ra6a7
61.Kh8 Ra7f7
62.Rg2f2 { draw }
1/2-1/2

[Event "Match"]
[Site "www.echecsemail.com"]
[Date "2015.01.12"]
[Round "1"]
[White "Darknight"]
[Black "Gilliere"]
[WhiteElo "1800"]
[BlackElo "1810"]
[Result "0-1"]
[Round "1"]
1.e4 e5
2.Bf1c4 Ng8f6
3.d3 h6
4.a3 d6
5.Nb1c3 Nb8c6
6.h3 Bf8e7
7.Bc1e3 a6
8.Ng1f3 O-O
9.Qd1e2 Rf8e8
10.Kd2 b5
11.Bc4d5 Nf6xd5
12.Nc3xd5 Bc8b7
13.c3 Nc6a5
14.Kc2 Bb7xd5
15.exd5 f6
16.Ra1g1 c5
17.c4 b4
18.a4 b3
19.Kb1 Ra8b8
20.Be3d2 Qd8b6
21.Qe2e1 Be7d8
22.g4 Bd8c7
23.h4 Na5b7
24.g5 fxg5
25.hxg5 hxg5
26.Nf3xg5 Bc7d8
27.Ng5h7 Kf7
28.Nh7g5 Bd8xg5
29.Rg1xg5 Re8h8
30.f4 Rh8xh1
31.Qe1xh1 exf4
32.Qh1h5 Kg8
33.Qh5h6 Qb6c7
34.Bd2xf4 Rb8f8
35.Rg5g6 Qc7f7
36.Rg6g4 Rf8e8
37.Bf4c1 Re8e1
38.Qh6d2 Re1f1
39.Qd2c3 Rf1h1
40.Qc3xb3 Rh1h7
41.Rg4f4 Qf7e7
42.Qb3c2 Nb7d8
43.Rf4g4 Nd8f7
44.Bc1f4 Rh7h4
45.Bf4g5 Qe7e1
46.Ka2 Rh4xg4
47.Bg5c1 Qe1f1
48.Qc2c3 Nf7e5
49.a5 Qf1xd3
50.Qc3e1 Qd3xc4
51.Ka1 Qc4c2
52.Qe1c3 Rg4a4
53.Qc3a3 Qc2xc1
54.Ka2 Ra4xa3
55.Kxa3 Ne5c4
{ resign }
0-1

[Event "Match"]
[Site "www.echecsemail.com"]
[Date "2015.01.12"]
[Round "1"]
[White "Sorel"]
[Black "Generalfree"]
[WhiteElo "1980"]
[BlackElo "1720"]
[Result "1-0"]
[Round "1"]
1.e4 e5
2.Ng1f3 Nb8c6
3.Bf1b5 Ng8e7
4.O-O Nc6d4
5.Nf3xd4 exd4
6.d3 c6
7.Bb5a4 b5
8.Ba4b3 a5
9.Qd1f3 f6
10.a4 b4
11.Nb1d2 d6
12.Nd2c4 d5
13.exd5 Ne7xd5
14.Rf1e1 Bf8e7
15.Qf3e4 O-O
16.Qe4xd4 c5
17.Qd4e4 f5
18.Qe4f3 Kh8
19.Nc4e3 Nd5xe3
20.Qf3xa8 Ne3g4
21.h3 Ng4xf2
22.Qa8f3 Be7h4
23.Bc1e3 Nf2xd3
24.cxd3 Bh4xe1
25.Ra1xe1 Qd8xd3
26.Be3xc5 Qd3xf3
27.gxf3 Rf8d8
28.Bc5b6 Rd8f8
29.Bb6xa5 Bc8d7
30.Ba5xb4 Rf8b8
31.Re1e7 Bd7c6
32.Re7c7 Bc6xf3
33.Rc7f7 h6
34.Rf7f8 Rb8xf8
35.Bb4xf8 Bf3b7
36.Bb3c2 f4
37.b4 Bb7c6
38.b5 Bc6b7
39.a5 Kg8
40.a6 Bb7a8
41.Bf8d6 g5
42.b6 f3
43.b7 { resign }
1-0

[Event "Match"]
[Site "www.echecsemail.com"]
[Date "2015.01.12"]
[Round "1"]
[White "Robwally"]
[Black "Saidgermany"]
[WhiteElo "1569"]
[BlackElo "1809"]
[Result "0-1"]
[Round "1"]
1.e4 c5
2.Ng1f3 d6
3.d4 cxd4
4.Nf3xd4 Ng8f6
5.Nb1c3 a6
6.Bf1e2 e6
7.O-O Bf8e7
8.Be2f3 O-O
9.Rf1e1 Qd8c7
10.Bc1d2 Nb8c6
11.Nd4xc6 bxc6
12.Nc3e2 d5
13.Ne2g3 Bc8b7
14.a3 Be7d6
15.Bd2c3 dxe4
 { time }
0-1

[Event "Match"]
[Site "www.echecsemail.com"]
[Date "2015.01.12"]
[Round "1"]
[White "Generalfree"]
[Black "Hundegana"]
[WhiteElo "1880"]
[BlackElo "1920"]
[Result "1-0"]
[Round "1"]
1.e4 e5
2.Ng1f3 d6
3.b4 b6
4.c4 Bc8b7
5.d3 g6
6.g4 Nb8c6
7.Bc1d2 Nc6d4
8.Nf3xd4 exd4
9.h4 h6
10.f4 Bf8g7
11.g5 h5
12.Rh1g1 Qd8d7
13.Bf1g2 Ng8e7
14.a4 O-O
15.Qd1f3 Ra8b8
16.b5 a6
17.Qf3f2 Rb8e8
18.Ra1a2 a5
19.Nb1a3 Kh7
20.Na3c2 f5
21.Nc2xd4 c5
22.bxc6 Ne7xc6
23.Nd4b5 Qd7d8
24.Bd2e3 fxe4
25.Bg2xe4 Re8e7
26.Be3xb6 Qd8d7
27.Kd1 Bb7a6
28.Be4xc6 Qd7xc6
29.Bb6xa5 Ba6xb5
30.axb5 Qc6b7
31.Ba5b4 Rf8d8
32.Rg1e1 Re7xe1
33.Qf2xe1 Qb7f3
34.Kc1 Qf3xf4
35.Bb4d2 Qf4f3
36.Qe1e7 Rd8a8
37.Ra2xa8 Qf3xa8
38.Kd1 Qa8f3
39.Qe7e2 Qf3h1
40.Bd2e1 Qh1b7
41.Qe2e4 Qb7a7
42.Kd2 Qa7a2
43.Ke3 Qa2a1
44.Kf3 Qa1d1
45.Qe4e2 Qd1a1
46.Be1g3 Qa1d4
47.Qe2e4 Qd4c5
48.Qe4f4 d5
49.Qf4f7 dxc4
50.Qf7xc4 Qc5f5
51.Ke3 Qf5d7
52.b6 Qd7e7
53.Kd2 Qe7b7
54.Qc4c7 Qb7g2
55.Ke3 Qg2g1
56.Bg3f2 Qg1b1
57.b7 Qb1a2
58.b8Q Qa2e6
59.Kd2 Qe6a2
60.Qc7c2 Qa2a5
61.Ke2 Qa5f5
62.Qc2c4 Qf5g4
63.Ke1 Qg4xc4
64.dxc4 Bg7c3
65.Ke2 Bc3g7
66.c5 Bg7c3
67.c6 Bc3g7
68.Bf2g3 { resign }
1-0

[Event "Match"]
[Site "www.echecsemail.com"]
[Date "2015.01.12"]
[Round "1"]
[White "Wwgia"]
[Black "Cardiff"]
[WhiteElo "2120"]
[BlackElo "2110"]
[Result "1/2-1/2"]
[Round "1"]
1.d4 d5
2.c4 e6
3.Nb1c3 c5
4.Ng1f3 Ng8f6
5.Bc1g5 dxc4
6.e3 a6
7.a4 cxd4
8.exd4 Bf8e7
9.Bf1xc4 O-O
10.O-O Nb8c6
11.Ra1c1 b6
12.Rf1e1 Bc8b7
13.Bg5xf6 Be7xf6
14.d5 Bf6xc3
15.Rc1xc3 exd5
16.Bc4xd5 Nc6a5
17.Rc3d3 Bb7xd5
18.Rd3xd5 Qd8f6
19.b4 Na5c4
20.Qd1b3 Ra8c8
21.Re1d1 Rf8e8
22.h3 h6
23.b5 axb5
24.axb5 Qf6b2
25.Rd1b1 Qb2xb3
26.Rb1xb3 Re8d8
{ draw }
1/2-1/2

[Event "Match"]
[Site "www.echecsemail.com"]
[Date "2015.01.12"]
[Round "1"]
[White "Generalfree"]
[Black "Wagner"]
[WhiteElo "1880"]
[BlackElo "1660"]
[Result "1-0"]
[Round "1"]
1.e4 e5
2.Ng1f3 d6
3.Bf1c4 h6
4.d3 a6
5.b4 c6
6.Nb1c3 b5
7.Bc4b3 g5
8.Bc1e3 g4
9.Nf3d2 h5
10.Nc3e2 h4
11.g3 f5
12.exf5 Bc8xf5
13.gxh4 Qd8xh4
14.Ne2g3 d5
15.Ng3xf5 Qh4h5
16.Nf5g3 Qh5g6
17.f3 d4
18.Be3f2 Bf8xb4
19.fxg4 Ng8f6
20.a3 Bb4a5
21.h3 Nb8d7
22.Qd1f3 e4
23.dxe4 Nd7e5
24.Qf3f4 Ba5c7
25.Qf4f5 Qg6g7
26.Bf2xd4 Nf6d7
27.Nd2f3 Ne5xf3
28.Qf5xf3 Qg7xd4
29.Qf3f7 Kd8
30.Ng3e2 Rh8f8
31.Qf7xf8 Nd7xf8
32.Ne2xd4 Bc7e5
33.Nd4xc6 { resign }
1-0

[Event "Match"]
[Site "www.echecsemail.com"]
[Date "2015.01.12"]
[Round "1"]
[White "Pariolinius"]
[Black "Difficult"]
[WhiteElo "1770"]
[BlackElo "1880"]
[Result "0-1"]
[Round "1"]
1.d4 d5
2.c4 dxc4
3.Nb1c3 a6
4.a4 e6
5.e4 Nb8c6
6.Bf1xc4 Qd8xd4
7.Bc4d3 Ng8f6
8.Ng1f3 Qd4d8
9.O-O Bf8e7
10.Bc1f4 O-O
11.Qd1c2 Nc6b4
12.Qc2d2 Qd8xd3
13.Ra1c1 Qd3xd2
14.Nf3xd2 Nb4d3
15.Rc1b1 Nd3xf4
{ resign }
0-1

[Event "Match"]
[Site "www.echecsemail.com"]
[Date "2015.01.12"]
[Round "1"]
[White "Bojan"]
[Black "Ssharp"]
[WhiteElo "1950"]
[BlackElo "2190"]
[Result "0-1"]
[Round "1"]
1.c4 Ng8f6
2.b3 g6
3.Bc1b2 Bf8g7
4.Qd1c2 d6
5.Nb1c3 O-O
6.Ng1f3 c5
7.h3 Nb8c6
8.Nf3h2 Bc8f5
9.d3 Qd8a5
10.Kd1 a6
11.Nh2f3 b5
12.Nc3d5 Nf6xd5
13.cxd5 Nc6d4
14.Nf3xd4 cxd4
15.e3 Ra8c8
16.Qc2d2 Qa5xd2
17.Kxd2 dxe3
{ resign }
0-1

[Event "Match"]
[Site "www.echecsemail.com"]
[Date "2015.01.12"]
[Round "1"]
[White "Wagner"]
[Black "Harrytheking"]
[WhiteElo "1670"]
[BlackElo "1730"]
[Result "0-1"]
[Round "1"]
1.e4 b6
2.d4 Bc8a6
3.c4 e6
4.a3 h6
5.h4 Ng8e7
6.Ng1f3 c6
7.h5 d6
8.Qd1a4 b5
9.cxb5 Ba6xb5
10.Bf1xb5 cxb5
11.Qa4xb5 Nb8d7
12.Nb1c3 Ra8b8
13.Qb5a4 Qd8b6
14.b4 a6
15.Bc1e3 Qb6b7
16.O-O Ne7c8
17.Ra1b1 Nc8b6
18.Qa4b3 Bf8e7
19.d5 e5
20.g4 O-O
21.Nc3e2 Rf8c8
22.Ne2g3 Nb6c4
23.Ng3f5 Be7d8
24.Nf5xd6 Nc4xd6
25.g5 hxg5
26.Kg2 Nd6xe4
27.Qb3b2 Qb7xd5
28.Be3xg5 Ne4xg5
29.Qb2e2 Nd7f6
30.Rb1d1 Qd5b7
31.Kg3 Nf6xh5
32.Kg4 Nh5f4
33.Qe2xe5 Qb7xf3
34.Kh4 Qf3h3
{ resign }
0-1

[Event "Match"]
[Site "www.echecsemail.com"]
[Date "2015.01.12"]
[Round "1"]
[White "Chapi"]
[Black "Darknight"]
[WhiteElo "1980"]
[BlackElo "1800"]
[Result "1-0"]
[Round "1"]
1.d4 d5
2.c4 e6
3.Nb1c3 Bc8d7
4.cxd5 Bf8b4
5.Qd1b3 a5
6.a3 Bb4xc3
7.bxc3 b6
8.e4 c6
9.d6 h6
10.e5 a4
11.Qb3b1 b5
12.Ng1f3 f6
13.c4 bxc4
14.Bf1xc4 f5
15.Qb1b7 Qd8a5
16.Bc1d2 Qa5a7
17.Qb7xa7 Ra8xa7
18.O-O g5
19.Ra1b1 Nb8a6
20.Rb1b6 Bd7c8
21.Rb6xc6 Kd7
22.d5 f4
23.Bc4b5 Kd8
24.dxe6 Na6b8
25.e7 Ng8xe7
26.dxe7 Kxe7
27.Bd2b4 Kf7
28.Rc6f6 Kg7
29.Rf1d1 Ra7b7
30.Nf3d4 Bc8d7
31.Bb5xd7 Nb8xd7
32.Nd4f5 Kg8
33.Nf5xh6 Kg7
34.Nh6f5 Kg8
35.Rf6g6 Kf7
36.Rg6xg5 Nd7xe5
37.Nf5d6 Kf6
38.Rg5xe5 Kxe5
39.Nd6xb7 Rh8g8
40.Nb7c5 f3
41.g3 Kf5
42.Nc5xa4 Rg8e8
43.Na4b6 Re8e2
44.a4 Re2e4
45.Rd1b1 Re4e8
46.a5 Re8b8
47.Bb4d6 Rb8d8
48.Bd6f4 Rd8d3
49.Rb1a1 Rd3b3
50.a6 { resign }
1-0

[Event "Match"]
[Site "www.echecsemail.com"]
[Date "2015.01.12"]
[Round "1"]
[White "Difficult"]
[Black "Guidom"]
[WhiteElo "1880"]
[BlackElo "2040"]
[Result "1/2-1/2"]
[Round "1"]
1.e4 e5
2.Ng1f3 d6
3.d4 exd4
4.Nf3xd4 Ng8f6
5.Nb1c3 Bf8e7
6.Bf1e2 O-O
7.Bc1e3 Nb8c6
8.O-O Bc8d7
9.f3 Nc6e5
10.Qd1d2 c5
11.Nd4b5 Bd7xb5
12.Nc3xb5 a6
13.Nb5c3 b5
14.Nc3d5 Nf6xd5
15.Qd2xd5 Qd8c7
16.b3 Be7f6
17.Ra1d1 Ra8d8
18.Qd5d2 Rf8e8
19.Qd2c1 h6
20.Rf1e1 Kh7
21.Rd1d5 { draw }
1/2-1/2

[Event "Match"]
[Site "www.echecsemail.com"]
[Date "2015.01.12"]
[Round "1"]
[White "Georgepapi"]
[Black "Carloswhizz"]
[WhiteElo "1730"]
[BlackElo "1760"]
[Result "1-0"]
[Round "1"]
1.e4 d5
2.exd5 c6
3.dxc6 Nb8xc6
4.Ng1f3 Ng8f6
5.d4 Bc8d7
6.c4 e6
7.Nb1c3 Bf8e7
8.Bf1d3 O-O
9.O-O Ra8c8
10.Qd1c2 a6
11.Bc1g5 h6
12.Bg5h4 Qd8c7
13.Ra1c1 g6
14.Bd3xg6 fxg6
15.Qc2xg6 Kh8
16.Qg6xh6 Nf6h7
17.Bh4xe7 Nc6xe7
18.Nf3g5 Rf8f7
19.Ng5xf7 Kg8
20.Nf7e5 Bd7e8
21.Qh6xe6 Kg7
22.Nc3e4 Qc7a5
23.Qe6xe7 { resign }
1-0

[Event "1/64 Finale"]
[Site "www.chess-mail.com"]
[Date "2015.01.12"]
[Round "1"]
[White "Wings"]
[Black "Hali"]
[WhiteElo "2680"]
[BlackElo "2260"]
[Result "1-0"]
[Round "1"]
1.c4 c6
2.Ng1f3 Ng8f6
3.g3 e6
4.Bf1g2 Bf8e7
5.O-O O-O
6.d4 d5
7.Qd1c2 Nb8d7
8.Rf1d1 Qd8b6
9.b3 Nf6e4
10.Bc1b2 Nd7f6
11.Nf3e5 h6
12.f3 Ne4g5
13.h4 Ng5h7
14.Kh2 Nf6h5
15.e4 Qb6c7
16.Qc2f2 Qc7b8
17.Nb1d2 Be7d6
18.f4 Nh5f6
19.Bg2f3 Qb8c7
20.c5 Bd6e7
21.a3 b6
22.b4 bxc5
23.dxc5 a5
24.g4 Ra8b8
25.g5 hxg5
26.hxg5 Nf6d7
27.g6 Nh7f6
28.gxf7 Rf8xf7
29.Qf2d4 Nd7xe5
30.Qd4xe5 Qc7xe5
31.Bb2xe5 Rb8b7
32.Ra1b1 axb4
33.axb4 dxe4
34.Bf3xe4 Nf6d5
35.Nd2c4 Rb7xb4
36.Be4xd5 Rb4xb1
37.Rd1xb1 exd5
38.Nc4d6 Bc8f5
39.Rb1b8 Be7f8
40.Nd6xf7 Kxf7
41.Rb8b7 Kg6
42.Rb7c7 Bf5e4
43.Rc7xc6 Kh5
44.Rc6c7 g5
45.Kg3 gxf4
46.Be5xf4 d4
47.Rc7c8 Bf8e7
48.Kf2 Kg4
49.Bf4d2 Kf5
50.Ke2 Be4b7
51.Rc8c7 Bb7a6
52.Kd1 Be7h4
53.Rc7h7 Bh4g3
54.c6 Ke6
55.Rh7h6 Ke7
56.Bd2b4 Kd8
57.Bb4a5 Ke7
58.c7 Ba6c8
59.Rh6g6 Bg3e5
60.Rg6g8 Be5xc7
61.Ba5xc7 Bc8f5
62.Kd2 Ke6
63.Rg8d8 d3
64.Bc7a5 Bf5h7
65.Ke3 Ke5
66.Ba5c3 Ke6
67.Kf4 Ke7
68.Rd8d4 Ke6
69.Bc3b4 Kf6
70.Rd4d6 Kg7
71.Kg5 Bh7e4
72.Rd6d7 Kg8
73.Rd7e7 Be4c6
74.Kg6 d2
75.Bb4xd2 Bc6a4
76.Bd2b4 Ba4c2
77.Kh6 Bc2b1
78.Re7g7 { resign }
1-0

[Event "1/128 Finale"]
[Site "www.chess-mail.com"]
[Date "2015.01.12"]
[Round "1"]
[White "Rindrandria"]
[Black "Attatroll"]
[WhiteElo "1510"]
[BlackElo "2000"]
[Result "1-0"]
[Round "1"]
1.c3 e5
2.d3 f5
3.g3 Ng8f6
4.Bc1g5 Bf8e7
5.Bf1g2 c6
6.e3 O-O
7.Bg5xf6 Be7xf6
8.c4 d6
9.h4 Bc8e6
10.Ng1h3 h6
11.Nb1d2 Nb8d7
12.O-O Nd7c5
13.Nd2f3 Qd8b6
14.Nf3g5 Be6d7
15.d4 exd4
16.exd4 Nc5e6
17.Ng5xe6 Bd7xe6
18.d5 Be6d7
19.dxc6 Bd7xc6
20.Bg2d5 Kh8
21.Nh3f4 Rf8e8
22.Bd5e6 g5
23.Qd1h5 Qb6c7
24.Qh5xh6 Qc7h7
25.Nf4g6 
1-0

[Event "Eq:Equipo Juan Diaz-Team USA : "]
[Site "www.chess-mail.com"]
[Date "2015.01.12"]
[Round "1"]
[White "Kukulcan"]
[Black "Gatrooper"]
[WhiteElo "1780"]
[BlackElo "1340"]
[Result "1-0"]
[Round "1"]
1.d4 d5
2.c4 dxc4
3.Ng1f3 Nb8c6
4.e3 Bc8e6
5.Nb1c3 a6
6.d5 Be6xd5
7.Nc3xd5 Ng8f6
8.Nd5xf6 gxf6
9.Qd1xd8 Nc6xd8
10.Bf1xc4 e6
11.O-O Bf8d6
12.b3 Nd8c6
13.Bc1b2 Bd6e5
14.Nf3xe5 fxe5
15.Ra1d1 b5
16.Bc4e2 b4
17.Be2f3 O-O
18.Bf3xc6 Ra8b8
19.Bb2xe5 f6
20.Be5b2 Rb8b6
21.Bc6f3 a5
22.Rd1d7 e5
23.Rd7xc7 Rf8d8
24.h4 h6
25.Rf1c1 Rb6d6
26.g4 Rd6d2
27.Rc7c2 Rd2d6
28.g5 hxg5
29.hxg5 fxg5
30.Bb2xe5 Rd6g6
31.Rc2c8 Rd8xc8
32.Rc1xc8 Kf7
33.Bf3h5 Ke6
34.Bh5xg6 Kxe5
35.Rc8c5 Kf6
36.Bg6e4 g4
37.Rc5xa5 Ke6
38.Be4f5 Kd6
39.Bf5xg4 Kc6
40.f4 Kb6
41.Ra5d5 Kc6
42.Bg4f3 Kc7
43.f5 Kc8
44.f6 { resign }
1-0

[Event "Tourn. n7953"]
[Site "www.chess-mail.com"]
[Date "2015.01.13"]
[Round "1"]
[White "Odin"]
[Black "Llcervello"]
[WhiteElo "1690"]
[BlackElo "1730"]
[Result "1-0"]
[Round "1"]
1.e4 e5
2.f4 Ng8f6
3.Nb1c3 exf4
4.d4 g5
5.Ng1f3 c6
6.Bf1d3 b5
7.a3 d6
8.e5 Qd8e7
9.O-O dxe5
10.dxe5 Nf6h5
11.Bd3e2 g4
12.Nf3d4 Qe7c5
13.Nc3e4 Qc5xe5
14.Be2xg4 Qe5xe4
15.Bg4xc8 Rh8g8
16.Nd4f3 Bf8c5
17.Kh1 Kf8
18.Bc8b7 Qe4g6
19.Nf3h4 Nh5g3
20.hxg3 Bc5e7
21.Nh4xg6 Rg8xg6
22.Bc1xf4 Rg6h6
23.Bf4xh6 Ke8
24.Qd1f3 a5
25.Ra1d1 Ra8a7
26.Qf3xf7 { resign }
1-0

[Event "Tourn. n7480"]
[Site "www.chess-mail.com"]
[Date "2015.01.13"]
[Round "1"]
[White "Johnmcbride"]
[Black "Crull"]
[WhiteElo "1730"]
[BlackElo "1800"]
[Result "0-1"]
[Round "1"]
1.e4 c5
2.d3 h6
3.c4 e6
4.Bc1d2 Nb8c6
5.Ng1f3 Ng8f6
6.h3 d6
7.a3 e5
8.b4 Bf8e7
9.b5 Nc6a5
10.Bd2xa5 b6
11.Ba5d2 Bc8b7
12.Bf1e2 a5
13.a4 Qd8c7
14.O-O O-O-O
15.Nb1c3 g5
16.Nc3d5 Nf6xd5
17.Nf3h2 Nd5f4
18.Bd2xf4 exf4
19.Be2g4 Kb8
20.Bg4h5 Be7f6
21.Ra1a3 Bf6e5
22.Bh5xf7 Qc7xf7
23.Nh2g4 Be5d4
24.Kh1 h5
25.Ng4h2 Rd8g8
26.Nh2f3 Bd4b2
27.Ra3b3 Bb2e5
28.Nf3xe5 dxe5
29.f3 Rg8d8
30.Qd1a1 Qf7e7
31.Rf1d1 Bb7c8
32.Rb3b2 h4
33.Rb2d2 Rd8d4
34.Qa1c3 Rh8d8
35.Kg1 Rd8d6
36.Qc3b3 Qe7d8
37.Qb3c3 Bc8e6
38.Qc3c2 Be6xc4
39.Qc2b2 Bc4e6
40.Kh2 c4
41.Kh1 cxd3
42.Rd1a1 Rd6d7
43.Ra1c1 Qd8g8
44.Rc1c3 Rd4xa4
45.Rc3xd3 Rd7d4
46.Rd3xd4 exd4
47.Rd2xd4 Ra4a2
48.Qb2c3 Qg8h8
49.Qc3d3 Qh8e5
50.Rd4d8 Be6c8
51.Qd3d7 Qe5c3
52.Qd7d6 Qc3c7
53.Qd6f8 Ra2a1
54.Kh2 Ra1b1
55.Rd8d5 a4
56.Rd5xg5 Rb1b2
57.Rg5g4 Rb2xb5
58.Rg4xh4 Rb5c5
59.Rh4xf4 a3
60.e5 Rc5xe5
61.Rf4f7 Re5f5
62.Kg1 Rf5xf7
63.Qf8xa3 Rf7g7
64.g4 Qc7g3
65.Kf1 Qg3xh3
66.Ke2 Qh3g2
67.Ke3 Qg2g1
68.Kf4 Rg7f7
69.Ke4 Qg1b1
70.Ke3 Qb1e1
71.Kd4 Qe1f2
72.Kd5 Rf7xf3
73.Qa3d6 Ka7
74.Qd6c7 Bc8b7
75.Ke6 Qf2e2
76.Kd6 Rf3d3

0-1

[Event "Tourn. n7960"]
[Site "www.chess-mail.com"]
[Date "2015.01.13"]
[Round "1"]
[White "Krasin"]
[Black "Averoes"]
[WhiteElo "2190"]
[BlackElo "2220"]
[Result "1-0"]
[Round "1"]
1.e4 c5
2.c3 d5
3.exd5 Qd8xd5
4.d4 cxd4
5.cxd4 Nb8c6
6.Ng1f3 Bc8g4
7.Bf1e2 e6
8.O-O Ng8f6
9.Nb1c3 Qd5a5
10.h3 Bg4h5
11.Be2b5 Bf8b4
12.g4 Bh5g6
13.Bb5xc6 bxc6
14.Bc1g5 Nf6d5
15.Nc3xd5 cxd5
16.a3 Bb4d6
17.b4 Qa5b6
18.Qd1a4 Kf8
19.Ra1c1 f6
20.Rc1c6 Bg6e8
21.Rc6xb6 Be8xa4
22.Rb6xd6 fxg5
23.Rf1e1 h5
24.Re1xe6 hxg4
25.hxg4 Ra8c8
26.Rd6xd5 Ba4b3
27.Rd5f5 Kg8
28.Re6e7 Rc8c1
29.Kg2 Rh8h1
30.Rf5xg5 Bb3c4
31.Rg5xg7 Kf8
32.Kg3 Rc1c3
33.Kf4 Rh1f1
34.Nf3e5 Rf1xf2
35.Kg5 Bc4f7
36.Rg7xf7 Rf2xf7
37.Re7xf7 Kg8
38.Rf7xa7 Rc3c8
39.b5 { resign }
1-0

[Event "Tourn. n7734"]
[Site "www.chess-mail.com"]
[Date "2015.01.13"]
[Round "1"]
[White "Azulmarino"]
[Black "Georgepapi"]
[WhiteElo "1570"]
[BlackElo "1529"]
[Result "1-0"]
[Round "1"]
1.e4 e5
2.Ng1f3 Nb8c6
3.d4 exd4
4.Nf3xd4 Bf8c5
5.Nd4f3 d6
6.Bc1g5 Ng8f6
7.Nb1c3 O-O
8.Nc3d5 Rf8e8
9.Bg5xf6 gxf6
10.Bf1d3 Bc8g4
11.h3 Bg4h5
12.Nd5f4 Bh5g6
13.O-O Bg6xe4
14.Bd3xe4 Re8xe4
15.Nf4d3 Bc5b6
16.Nf3d2 Re4e8
17.Qd1f3 Kh8
18.Nd2e4 Bb6d4
19.c3 Bd4e5
20.Nd3f4 Re8g8
21.Nf4h5 Rg8g6
22.h4 f5
23.Qf3xf5 Qd8xh4
24.g3 Qh4g4
25.Qf5xg4 Rg6xg4
26.Ne4f6 Be5xf6
27.Nh5xf6 Rg4g6
28.Nf6h5 Ra8e8
29.Ra1e1 Rg6e6
30.Re1d1 Re6e2
31.Nh5f6 Re8e6
32.Nf6h5 Re2xb2
33.Nh5f4 Re6e8
34.Rd1e1 Re8xe1
35.Rf1xe1 Kg7
36.Re1a1 Rb2c2
37.Nf4d5 Nc6e5
38.Nd5xc7 Rc2xc3
39.Nc7e8 Kf8
40.Ne8xd6 b6
41.Nd6b5 Rc3c2
42.a3 a5
43.Nb5d4 Rc2c3
44.Ra1d1 Rc3xa3
45.Nd4f5 Ne5g6
46.Rd1d8 { resign }
1-0

[Event "Tourn. n8008"]
[Site "www.chess-mail.com"]
[Date "2015.01.13"]
[Round "1"]
[White "Cardiff"]
[Black "Stevo100"]
[WhiteElo "2020"]
[BlackElo "2040"]
[Result "0-1"]
[Round "1"]
1.d4 Ng8f6
2.c4 e6
3.Nb1c3 Bf8b4
4.e3 b6
5.Bf1d3 Bc8b7
6.Ng1f3 Qd8e7
7.O-O Bb4xc3
8.bxc3 d6
9.Bc1a3 Nb8d7
10.Qd1e2 O-O
11.e4 e5
12.d5 Nd7c5
13.Ba3xc5 bxc5
14.Ra1b1 Bb7c8
15.Rf1d1 Nf6h5
16.Qe2d2 Nh5f4
17.Bd3f1 Bc8g4
18.h3 Bg4xf3
19.gxf3 Qe7g5
20.Kh2 f5
21.Qd2e3 Rf8f6
{ resign }
0-1

[Event "Tourn. n7951"]
[Site "www.chess-mail.com"]
[Date "2015.01.13"]
[Round "1"]
[White "Anja"]
[Black "Fractal"]
[WhiteElo "1980"]
[BlackElo "1920"]
[Result "1-0"]
[Round "1"]
1.d4 Ng8f6
2.Bc1f4 g6
3.c4 c5
4.d5 b5
5.cxb5 Qd8a5
6.Nb1c3 Nf6xd5
7.Bf4d2 Nd5f6
8.e4 d6
9.Bf1c4 Bf8g7
10.Ng1f3  { time }
1-0

[Event "Tourn. n7942"]
[Site "www.chess-mail.com"]
[Date "2015.01.13"]
[Round "1"]
[White "Cardiff"]
[Black "Falcoale"]
[WhiteElo "2100"]
[BlackElo "2000"]
[Result "0-1"]
[Round "1"]
1.c4 Ng8f6
2.Ng1f3 e6
3.d4 b6
4.a3 Bc8b7
5.Nb1c3 Bf8e7
6.Bc1g5 h6
7.Bg5xf6 Be7xf6
8.e3 d5
9.cxd5 exd5
10.Bf1d3 O-O
11.O-O c5
12.dxc5 bxc5
13.Ra1c1 Bb7c6
14.Bd3e2 d4
15.exd4 cxd4
16.Nc3a2 Rf8e8
17.Be2c4 a5
18.Qd1b3 Re8f8
19.Bc4b5 Qd8d5
20.Bb5c4 Qd5f5
21.Bc4d3 Qf5g4
22.Bd3e2 Qg4d7
23.Rf1d1 Bc6d5
24.Qb3c2 Nb8c6
25.b4 Ra8c8
26.Qc2b1 axb4
27.Na2xb4 Rc8b8
28.Qb1d3 Nc6xb4
29.axb4 Rb8xb4
30.Rc1b1 Rb4xb1
31.Rd1xb1 Rf8e8
32.h3 Bd5e4
{ resign }
0-1

[Event "Tourn. n7873"]
[Site "www.chess-mail.com"]
[Date "2015.01.13"]
[Round "1"]
[White "Libiesse"]
[Black "Bobjones"]
[WhiteElo "2060"]
[BlackElo "2240"]
[Result "0-1"]
[Round "1"]
1.d4 Ng8f6
2.c4 e6
3.Ng1f3 d5
4.Bc1g5 Bf8e7
5.Nb1c3 O-O
6.e3 Nb8d7
7.Bf1d3 c5
8.cxd5 Nf6xd5
9.Bg5xe7 Nd5xe7
10.Qd1c2 h6
11.O-O cxd4
12.Nf3xd4 Nd7f6
13.Rf1d1 Qd8a5
14.Nc3e4 Ne7d5
15.a3 Nf6xe4
16.Bd3xe4 Nd5f6
17.Be4d3 Bc8d7
18.b4 Qa5b6
19.Nd4b3 Ra8c8
20.Nb3c5 Bd7b5
21.Qc2e2 Bb5xd3
22.Rd1xd3 a5
23.Nc5d7 Nf6xd7
24.Rd3xd7 axb4
25.Ra1b1 Qb6c6
26.axb4 Qc6xd7
{ resign }
0-1